Primer Foro de Cultura B.C.S. UABCS: Memoria /
Se presentan aquí las conclusiones del foro en torno a las diversas manifestaciones artísticas en Baja California Sur: artes visuales, literatura, historia y patrimonio arqueológico, teatro, danza, divulgación, arte y cultura popular, música, medios de comunicación y prensa.
I tiakina i:
| Kaituhi rangatōpū: | |
|---|---|
| Hōputu: | Mauhanga Hui Pukapuka |
| Reo: | Pāniora |
| I whakaputaina: |
La Paz, México :
Universidad Autónoma de Baja California Sur,
1992
|
| Ngā marau: | |
| Ngā Tūtohu: |
Kāore He Tūtohu, Me noho koe te mea tuatahi ki te tūtohu i tēnei pūkete!
|
MARC
| LEADER | 00000nam^a2200000^a^4500 | ||
|---|---|---|---|
| 001 | 000041031 | ||
| 005 | 20250521000000.0 | ||
| 009 | 20260310085642.373 | ||
| 037 | |a Acervo ITESO - Biblioteca | ||
| 041 | |a ESP | ||
| 082 | |a 709. 722 |b FOR V. 1 | ||
| 111 | |a Foro de Cultura B.C.S. UABCS ( |n 1o : |d 1992 : |c Universidad Autónoma de Baja California Sur) | ||
| 245 | 1 | 0 | |a Primer Foro de Cultura B.C.S. UABCS: Memoria / |c Foro de Cultura B.C.S. UABCS. |
| 264 | 1 | |a La Paz, México : |b Universidad Autónoma de Baja California Sur, |c 1992 | |
| 300 | |a 54 p. | ||
| 336 | |a texto |b txt |2 rdacontenido | ||
| 337 | |a sin mediación |b n |2 rdamedio | ||
| 338 | |a volumen |b nc |2 rdasoporte | ||
| 520 | |a Se presentan aquí las conclusiones del foro en torno a las diversas manifestaciones artísticas en Baja California Sur: artes visuales, literatura, historia y patrimonio arqueológico, teatro, danza, divulgación, arte y cultura popular, música, medios de comunicación y prensa. | ||
| 649 | |a XX | ||
| 650 | |a Arte - |z Baja California (Sur) | ||
| 650 | |a Teatro - |z Baja California (Sur) | ||
| 650 | |a Danza - |z Baja California (Sur) | ||
| 650 | |a Comunicación Masiva - |z Baja California (Sur) | ||
| 650 | |a Arqueología - |z Baja California (Sur) | ||
| 910 | |a Fondo General | ||
| 920 | |a Impresos - Libros | ||
| 930 | |a Colección General | ||
| 905 | |a 101 | ||
| 901 | |a 0410310100 |b IT1 |c ACC |i 041031 |u 20250521 | ||
| 902 | |a https://opac.biblio.iteso.mx/vufind/Record/000041031 | ||